Prieskum zabezpečovania kvality v procese nakupovania vo vybraných organizáciách = A research on securing quality in the purchasing process in selected organizations : Bakalárska práca

Enregistré dans:
Détails bibliographiques
Auteur principal: Slašťan, Martin, 1988- (Auteur)
Autres auteurs: Fried, Ivan, 1954- (xxx)
Format: Manuscrit Livre
Langue:slovaque
Publié: Trnava : STU v Bratislave MTF UPMK, 2009
Sujets:
Tags: Ajouter un tag
Pas de tags, Soyez le premier à ajouter un tag!

MARC

LEADER 00000ntm a22000003a 4500
001 stu198245
005 20160719160049.5
008 100115s2009----xo------------------slo-d
040 |a STU  |b slo 
041 0 |a slo 
044 |a xo 
100 1 |a Slašťan, Martin,  |d 1988-  |4 aut  |X 37284  |7 A000037284 
245 1 |a Prieskum zabezpečovania kvality v procese nakupovania vo vybraných organizáciách = A research on securing quality in the purchasing process in selected organizations :  |b Bakalárska práca 
260 |a Trnava :  |b STU v Bratislave MTF UPMK,  |c 2009 
300 |a 46 s  |c Prílohy + 1 CD-ROM 
500 |a Študijný program: kvalita produkcie 
500 |a Študijný odbor: 5.2.27 kvalita produkcie 
650 7 |a kvalita  |2 stusub 
650 7 |a nakupovanie  |2 stusub 
700 1 |a Fried, Ivan,  |d 1954-  |4 xxx  |X 38653  |7 A000038653 
996 |b 284M077718  |c M*BP-4183  |l MMSKP  |s P  |a 0  |w stu198245_0001